Full committee hearing on Medicaid drug reimbursements : are CMS cuts bad medicine for small businesses and beneficiaries? /

Bibliographic Details
Corporate Author: United States. Congress. House. Committee on Small Business
Format: Government Document Book
Language:English
Published: Washington : U.S. G.P.O. : 2007.
Subjects:
Online Access:https://purl.fdlp.gov/GPO/LPS90037

MARC

Tag First Indicator Second Indicator Subfields
LEADER 00000cam a22000004a 4500
001 in00002381521
005 20211129155255.0
008 080421s2007 dcu f000 0 eng c
010 |a  2008354781 
020 |a 9780160801488 
020 |a 0160801486 
035 |a (OCoLC)ocn191729251 
037 |a 552-070-36870-1  |b GPO 
040 |a GPO  |c GPO  |d DLC  |d GPO  |d MvI  |d UtOrBLW 
042 |a pcc 
043 |a n-us--- 
049 |a UDOC  |a WWW 
050 0 0 |a KF27  |b .S6 2007u 
074 |a 1031-A 
074 |a 1031-A (online) 
074 |a 1031-B (MF) 
074 |a 1031-B (online) 
086 0 |a Y 4.SM 1:110-36 
088 |a Serial no. 110-36 (United States. Congress. House. Committee on Small Business) 
110 1 |a United States.  |b Congress.  |b House.  |b Committee on Small Business. 
245 1 0 |a Full committee hearing on Medicaid drug reimbursements :  |b are CMS cuts bad medicine for small businesses and beneficiaries? /  |c Committee on Small Business, United States House of Representatives. 
246 3 0 |a Medicaid drug reimbursements, are CMS cuts bad medicine for small businesses and beneficiaries 
264 1 |a Washington :  |b U.S. G.P.O. :  |c 2007. 
264 2 |a Washington :  |b For sale by the Supt. of Docs., U.S. G.P.O., 
300 |a v, 77 pages ;  |c 24 cm. 
336 |a text  |b txt  |2 rdacontent 
337 |a unmediated  |b n  |2 rdamedia 
338 |a volume  |b nc  |2 rdacarrier 
500 |a "One Hundred Tenth Congress, first session, July 18, 2007." 
500 |a Distributed to some depository libraries in microfiche. 
500 |a Shipping list number: 2008-0196-P. 
500 |a "Serial number 110-36." 
500 |a Shipping List Date: 04/04/2008 
530 |a Also available via Internet from the GPO Access web site. Address as of 1/29/08: http://frwebgate.access.gpo.gov/cgi-bin/getdoc.cgi?dbname=110%5Fhouse%5Fhearings&docid=f:36110.pdf ; current access is available via PURL. 
610 2 0 |a Centers for Medicare & Medicaid Services (U.S.)  |v Rules and practice. 
650 0 |a Drugs  |x Prices  |z United States. 
650 0 |a Pharmaceutical services insurance  |z United States. 
650 0 |a Generic drugs  |x Government policy  |z United States. 
856 4 1 |u https://purl.fdlp.gov/GPO/LPS90037  |t 0 
999 |a MARS 
999 f f |s 762a8a19-23b7-35d3-8c5d-b4278e14e36b  |i e360d930-0101-3421-9ced-549ce686ddbe  |t 0 
952 f f |a Texas A&M University  |b College Station  |c Electronic Resources  |d Available Online  |t 0  |e Y 4.SM 1:110-36  |h Superintendent of Documents classification 
998 f f |a Y 4.SM 1:110-36  |t 0  |l Available Online